000 00624nam a2200193 4500
999 _c169038
_d169038
005 20191104152101.0
010 _aENG-126809
020 _a9789383166299
_c1750.00
035 _aEN-110341
037 _bDBAD/PUB
082 _a322.420
245 _aFrom popular movement to rebellion :
_ced.by Ranabir Samaddar
_bthe naxalite decade /
260 _aNew Delhi
_bEsha Bereille
_c2018
270 _aSocial Science Press, 69 Jor Bagh, New Delhi
_e110003
300 _axiii;576p.
_c22cm(Hb)
500 _aIncludes bibliographical references
700 _aSamaddar, Ranbir
942 _2ddc
_cEN
_h322.420
_mFRO